Tallest Mountains in the United States - With Exceptions - Statistics

General Stats
  • This quiz has been taken 68 times
  • The average score is 5 of 21
Answer Stats
Elevation State Mountain % Correct
14,417 Washington Mount Rainier
95%
13,803 Hawaii Mauna Kea
85%
13,679 Hawaii Mauna Loa
69%
13,775 Wyoming Grand Teton
54%
12,807 Montana Granite Peak
37%
13,809 Wyoming Gannet Peak
34%
13,534 Utah Kings Peak
34%
13,167 New Mexico Wheeler Peak
31%
13,065 Nevada Wheeler Peak
31%
12,668 Idaho Borah Peak
20%
12,637 Arizona Humphreys Peak
17%
13,167 Wyoming Cloud Peak
10%
13,197 Wyoming Wind River Peak
7%
13,108 New Mexico Truchas Peak
5%
13,164 Wyoming Francs Peak
3%
12,610 Wyoming Mount Moran
2%
12,665 Montana Mount Wood
2%
12,632 New Mexico Santa Fe Baldy
2%
12,618 Montana Castle Mountain
0%
12,847 Wyoming Lizard Head Peak
0%
12,739 New Mexico Venado Peak
0%
No matching quizzes found
Score Distribution
Percent of People with Each Score
Percentile by Number Answered
Your Score History
You have not taken this quiz